000
00283nam a2200121 a 4500
008
101214s1980|||| d
100
1
_a
Czerny, Carl
245
1
0
_a
160 osemtaktových cvičení
260
_b
Opus
_a
Bratislava
_c
1980
020
_c
16
041
_a
slo
044
_a
xo
_c
SK
999
_c
15240
_d
15240